Statistics for Football Clubs by city - Bundesliga

Click here to take the quiz!

General Stats

  • This quiz has been taken 38 times
  • The average score is 17 of 18

Answer Stats

CityFootball Club% Correct
Berlin1. FC Union Berlin
100%
Mainz1. FSV Mainz 05
100%
LeverkusenBayer 04 Leverkusen
100%
DortmundBorussia Dortmund
100%
FrankfurtEintracht Frankfurt
100%
MunichFC Bayern Munich
100%
BremenSV Werder Bremen
100%
WolfsburgVfL Wolfsburg
100%
Cologne1. FC Köln
97%
MönchengladbachBorussia Mönchengladbach
97%
LeipzigRB Leipzig
97%
Freiburg im BreisgauSC Freiburg
97%
HoffenheimTSG 1899 Hoffenheim
97%
StuttgartVfB Stuttgart
97%
AugsburgFC Augsburg
94%
BochumVfL Bochum 1848
94%
BerlinHertha BSC
89%
GelsenkirchenFC Schalke 04
86%

Score Distribution

Percentile by Number Answered

Percent of People with Each Score

Your Score History

You have not taken this quiz